AC Milan Starting XI that beat Barcelona 2-0(2-20-13) - Statistics

General Stats
  • This quiz has been taken 521 times
  • The average score is 6 of 11
Answer Stats
Hint Answer % Correct
GK Abbiati
86%
FW Boateng
78%
DEF Abate
71%
MF Mexes
63%
MF Montolivo
54%
MF Muntari
51%
FW El Shaarawy
48%
FW Pazzini
44%
DEF Zapata
43%
DEF Ambrosini
38%
DEF Constant
33%
No matching quizzes found
Score Distribution
Percent of People with Each Score
Percentile by Number Answered
Your Score History
You have not taken this quiz